Capitale dalla Bandiera - Europa - Statistics

Statistiche generali
  • Questo quiz è stato fatto 70 volte
  • Il punteggio medio è 38 su 46
Statistiche sulle risposte
con Immagini Risposta % Corretto
Londra
98%
Madrid
97%
Atene
95%
Città del Vaticano
95%
Oslo
95%
Città di San Marino
93%
Parigi
93%
Roma
93%
Dublino
91%
Kiev
90%
La Valletta
90%
Amsterdam
88%
Lisbona
88%
Stoccolma
88%
Vienna
88%
Bucarest
86%
Budapest
86%
Monaco
86%
Tirana
86%
Varsavia
86%
Minsk
84%
Riga
84%
Berlino
83%
Mosca
83%
Praga
83%
Berna
81%
Bruxelles
81%
Zagabria
81%
Helsinki
79%
Lussemburgo
79%
Nicosia
78%
Sarajevo
78%
Vaduz
78%
Ankara
76%
Skopje
74%
Sofia
74%
Belgrado
72%
Bratislava
72%
Chisinau
72%
Reykjavik
72%
Copenaghen
71%
Vilnius
71%
Andorra la Vella
67%
Lubiana
64%
Podgorica
64%
Tallinn
62%
Nessun quiz corrispondente trovato
Distribuzione punteggi
Percentuale di utenti per punteggio
Percentile per numero di risposta
I tuoi punteggi nel tempo
Non hai fatto questo quiz